The most visited cities - Statistics

General Stats
  • This quiz has been taken 60 times
  • The average score is 65 of 100
Answer Stats
Rank Country Answer % Correct
3 United Kingdom London
98%
2 Thailand Bangkok
96%
47 Spain Madrid
96%
6 France Paris
96%
7 United Arab Emirates Dubai
94%
18 Japan Tokyo
94%
34 Spain Barcelona
92%
59 China Beijing
92%
5 Singapore Singapore
92%
26 Netherlands Amsterdam
90%
43 Greece Athens
90%
11 India Delhi
90%
10 Turkey Istanbul
90%
14 India Mumbai
90%
8 United States of America New York City
90%
17 Italy Rome
90%
42 Germany Berlin
88%
25 South Korea Seoul
88%
31 China Shanghai
88%
56 Australia Sydney
88%
20 Taiwan Taipei
88%
35 United States of America Los Angeles
87%
50 Ireland Dublin
85%
64 Portugal Lisbon
85%
45 Russia Moscow
85%
99 Brazil Rio de Janeiro
85%
54 Canada Toronto
85%
75 Poland Warsaw
85%
61 Belgium Brussels
83%
72 Denmark Copenhagen
83%
9 Malaysia Kuala Lumpur
83%
29 Japan Osaka
83%
23 Czech Republic Prague
83%
46 Italy Venice
83%
1 China* Hong Kong
81%
58 Indonesia Jakarta
81%
36 Italy Milan
81%
57 Germany Munich
81%
89 Sweden Stockholm
81%
38 Austria Vienna
81%
86 Argentina Buenos Aires
79%
53 Vietnam Hanoi
79%
55 South Africa Johannesburg
79%
28 United States of America Miami
79%
60 Russia Saint Petersburg
79%
32 Vietnam Ho Chi Minh City
77%
90 Peru Lima
77%
79 New Zealand Auckland
75%
62 Hungary Budapest
75%
74 Australia Melbourne
75%
63 Italy Naples
75%
80 Israel Tel Aviv
75%
51 Italy Florence
73%
52 Israel Jerusalem
73%
68 Japan Kyoto
73%
21 Saudi Arabia Mecca
73%
73 United States of America San Francisco
73%
70 Canada Vancouver
73%
95 United Arab Emirates Abu Dhabi
71%
4 China* Macau
71%
97 Portugal Porto
71%
49 Saudi Arabia Riyadh
69%
88 Germany Frankfurt am Main
67%
77 India Kolkata
67%
22 China Guangzhou
65%
12 Turkey Antalya
63%
33 Indonesia Denpasar
63%
84 Poland Krakow
63%
13 China Shenzhen
63%
30 United States of America Las Vegas
60%
24 Saudi Arabia Medina
60%
76 Morocco Marrakesh
58%
93 France Nice
58%
44 United States of America Orlando
58%
41 Mexico Cancun
56%
37 India Chennai
50%
16 Thailand Phuket
48%
27 India Agra
46%
82 United States Honolulu
44%
15 Spain Palma de Mallorca
40%
67 Greece Heraklion
38%
94 Japan Fukuoka
35%
40 India Jaipur
33%
91 Vietnam Da Nang
31%
19 Thailand Pattaya
31%
71 Thailand Chiang Mai
29%
65 Saudi Arabia Dammam
29%
98 Greece Rhodes
27%
96 South Korea Jeju
23%
39 Malaysia Johor Bahru
21%
83 Egypt Hurghada
19%
87 Japan Chiba
8%
48 Vietnam Ha Long
8%
100 Thailand Krabi
8%
69 China Zhuhai
6%
78 Philippines Cebu City
2%
81 China Guilin
2%
85 Turkey Mugla
2%
92 Indonesia Batam
0%
66 Malaysia Penang Island
0%
No matching quizzes found
Score Distribution
Percent of People with Each Score
Percentile by Number Answered
Your Score History
You have not taken this quiz